| 000 | 00503nam a2200205Ia 4500 | ||
|---|---|---|---|
| 003 | OSt | ||
| 005 | 20221007152659.0 | ||
| 008 | 210210b1964 xxu||||| |||| 00| 0 eng d | ||
| 040 | _cAL | ||
| 041 | _aeng | ||
| 082 | _a536/107 | ||
| 100 |
_aRAJAN (S R Govinda) _959083 |
||
| 245 | _aFoundations of modern physics | ||
| 260 |
_aMadras _bRochouse & Sons Pvt Ltd _c1964 |
||
| 300 | _a479 | ||
| 690 |
_aModern Physics _959084 |
||
| 700 |
_aMURUGAIYAN (T) _959085 |
||
| 906 | _a008905 | ||
| 942 |
_2ddc _cBK |
||
| 999 |
_c126794 _d126794 |
||